|
|
|
|
| LEADER |
00000nam a22000007a 4500 |
| 005 |
20210830225418.0 |
| 007 |
cr|||| |||| |
| 008 |
210830s2005 ca |||||s|||| 00||0 eng d |
| 020 |
|
|
|a 9781459313378
|
| 035 |
|
|
|a 35272
|
| 040 |
|
|
|a vLex
|
| 090 |
|
|
|c 12162
|d 12162
|
| 100 |
1 |
|
|a Wood, Roderick J.
|
| 245 |
1 |
0 |
|a Personal Property Security Law
|h [Recurso electrn̤ico] /
|c Roderick J. Wood, Ronald C.C. Cuming, Catherine Walsh
|
| 256 |
|
|
|a Servicio en ln̕ea
|
| 260 |
|
|
|a Toronto:
|b Irwin Law Inc.,
|c 2005
|
| 300 |
|
|
|a 1 recurso electrn̤ico
|
| 506 |
1 |
|
|a Disponible solo en los productos indicados
|d vLex Global
|d vLex Global (Academic Edition, excluding Law Schools)
|d vLex Global (U.S. Academic Edition, Law Schools)
|d vLex Global (U.S. Academic Edition, excluding Law Schools)
|d vLex Global (Academic Edition, Law Schools)
|
| 650 |
0 |
4 |
|a Propiedad Intelectual
|z Canad̀
|
| 700 |
1 |
|
|a Cuming, Ronald C.C.
|
| 700 |
1 |
|
|a Walsh, Catherine
|
| 740 |
0 |
|
|a vLex Libros (Servicio en ln̕ea)
|
| 856 |
4 |
0 |
|u https://app.vlex.com/#/sources/35272
|z Acceso restringido
|
| 942 |
|
|
|c BOOK
|
| 999 |
0 |
|
|a Intellectual property
|